logo

Bir Sreshtho Munshi Abdur Rouf Library
Jhenaidah Cadet College

Introduction to Educational Measurement / (Record no. 7057)

MARC details
000 -LEADER
fixed length control field 00582nam a2200217 a 4500
001 - CONTROL NUMBER
JCCL Control Number 7057
003 - CONTROL NUMBER IDENTIFIER
JCCL marc code BD-JhCC
005 - DATE AND TIME OF LATEST TRANSACTION
control field 20180416094407.0
008 - FIXED-LENGTH DATA ELEMENTS--GENERAL INFORMATION
fixed length control field 180204s1957 n |||| |||| 001 0 eng d
035 ## - SYSTEM CONTROL NUMBER
system control number (BD-JhCC) 7057
040 ## - CATALOGING SOURCE
Original cataloging agency BD-JhCC
Modifying agency BD-JhCC
041 ## - LANGUAGE CODE
Language code of Book eng
082 ## - DEWEY DECIMAL CLASSIFICATION NUMBER
Classification number 371.2
Author mark and Year NOL1957
100 ## - MAIN ENTRY--PERSONAL NAME
Personal name Noll, Victor H.
245 ## - TITLE STATEMENT
Title Introduction to Educational Measurement /
Statement of responsibility, etc Victor H. Noll
260 ## - PUBLICATION, DISTRIBUTION, ETC. (IMPRINT)
Place of publication, distribution, etc Boston :
Name of publisher, distributor, etc Houghton mifflin company,
Date of publication, distribution, etc 1957.
300 ## - PHYSICAL DESCRIPTION
Pagination 437 p.;
Dimensions 21 cm.
650 ## - SUBJECT ADDED ENTRY--TOPICAL TERM
Topical term or geographic name as entry element School Management and organization
942 ## - ADDED ENTRY ELEMENTS (KOHA)
Source of classification or shelving scheme Dewey Decimal Classification
Koha item type Books
Holdings
Source of classification or shelving scheme Damaged status Not for loan Home library Current library Shelving location Date of accession Total Checkouts Full call number Barcode Date last seen Copy number Koha item type
Dewey Decimal Classification     JCC Rouf Library JCC Rouf Library General Stacks 02/04/2018   371.2 NOL 1957 1025 02/04/2018 C - 1 Books

JCC Library | Contacts | JCC Home

Last Update on 23 September 2017
Copyright @ 2017-2020 JCC Rouf Library
Rouf Library, Jhenidah Cadet College (JCC), Bangladesh